Wiadomości o życiu i pracach Dominika Merliniego

Titel: Wiadomości o życiu i pracach Dominika Merliniego / Władysław Tatarkiewicz
Verfasser:
In: Rocznik historii sztuki, Band 1 (1956)), Seite 369-423
alle Artikel anzeigen
Veröffentlicht: 1956
Umfang: Illustrationen
Format: Aufsatz
Sprache: Polnisch
Schlagworte:
Vorliegende Ausgabe: Online-Ausg. 2012. - Online-Ressource.
Kein Bild verfügbar
X
alg: 47163402
001A    $06055:06-11-20 
001B    $03025:28-11-25 $t18:26:55.000 
001D    $06055:06-11-20 
001U    $0utf8 
001X    $00 
002@    $0Oox 
002C    $aText $btxt $2rdacontent 
002D    $aComputermedien $bc $2rdamedia 
002E    $aOnline-Ressource $bcr $2rdacarrier 
003@    $0471634026 
004U    $0urn:nbn:de:bsz:16-diglit-124525 $SV98 
007A    $0471634026 $aHEB 
007I    $0HHB-362307059 
007I    $0HHB-1432307053 
009Q    $SV98 $uhttp://digi.ub.uni-heidelberg.de/diglit/rhs1956/0372 $xH 
010@    $apol 
011@    $a1956 
011B    $a2012 
021A    $aWiadomości o życiu i pracach Dominika Merliniego $hWładysław Tatarkiewicz 
028A    $#Tatarkevich, V. $#Tatarkevich, Vladislav $#Tatarkevič, V. $#Tatarkjević, Vladislav $#Tatarkiewicz, Ladislas $#Tatarkiewicz, W. $#Tatarkiewicz, Wadysaw $#Tatarkiewicz, Wladislaw $#Tatarkiewicz, Wladyslaw $#Tatarkiewicz, Wł. $#Tatarkiewiczowie, Władysław $#Tà-tà-erh-kài-wei-chì $#Ta-ta-chi-tzu, Fo-la-ti-ssu-lao $#Łukowski, Jan $#타타르키비츠, 블라디슬라브 $#타타르키비츠 $7119190060 $8Tatarkiewicz, Władysław$Z1886-1980 [Tp1] $9087530074 
031A    $d1 $h369-423 $j1956) 
033Q    $aOnline-Ressource 
034M    $aIllustrationen 
037G    $aOnline-Ausg. 
039B    $aIn $8--Obvc--. Rocznik historii sztuki. - Warszawa : Polska Akademia Nauk, 1956-. - Online-Ressource. - ISSN 2720-2933. - DOI 10.11588/diglit.12451. - urn:nbn:de:bsz:16-diglit-124512 $x195600000010000631 $9290997941 
044K    $#Merlini, Dominik $7123680409 $8Merlini, Domenico$Z1730-1797 [Tp1] $9103932046 
045E    $c700 
045T    $a9,10 

lok: 47163402 3

exp: 47163402 3 1 #EPN
201B/01 $006-11-20 $t23:01:45.195 
201C/01 $006-11-20 
201U/01 $0utf8 
203@/01 $01128830957 
204U/01 $0urn:nbn:de:bsz:16-diglit-124525 $SV98 
208@/01 $a06-11-20 $bl 

lok: 47163402 78

exp: 47163402 78 1 #EPN
201B/01 $028-11-25 $t18:21:47.000 
201C/01 $023-01-25 
201U/01 $0utf8 
203@/01 $01289590907 
208@/01 $a23-01-25 $be 
209A/01 $a/ $f000 $x00 
209A/01 $ab*p $x01 
220C/01 $aeja;pgar 
244Z/01 $#Generalgouvernement Polen $#Polska $#Rzeczpospolita Polska $#Polska Rzeczpospolita Ludowa $#Poland $#Pologne $#République Polonaise $#Generalne Gubernatorstwo w Polsce $#Polish People's Republic $#Polska Rzeczpospolita Polen $#PRL $#RP $#Polen Generalgouvernement $#Polska Generalgouvernement $#Besetzte Polnische Gebiete $#Besetztes Gebiet in Polen $#Okupowane Polskie Obszary $#Obszary Okupowane w Polsce $#Volksrepublik Polen $#Polska Rosyjska $#Republic Polen $#Respublika Pol'ša $#Pol'skaja Narodnaja Respublika $#République de Pologne $#Polen Links der Weichsel $#Polska po Lewej Stronie Wisły $#Lenkija $#Polija $#Gubernija Carstva Pol'skago $#Republik Polen $74046496-9 $8--Tg1--Polen $x01 $9085129801 
247C/01 $82080>Marburg/Lahn, Herder-Institut, Forschungsbibliothek, Bibliographieportal $9336309341
LEADER 00000caa a22000002c 4500
001 471634026
003 DE-603
005 20251128182655.0
007 cr||||||||||||
008 201106s1956 xx |||| o| u00||u|pol c
024 7 |a urn:nbn:de:bsz:16-diglit-124525  |2 urn 
035 |a (DE-599)HEB471634026 
040 |a DE-603  |b ger  |c DE-603  |d DE-603 
041 |a pol 
084 |a 700  |q DE-101  |2 sdnb 
084 |a 9,10  |2 ssgn 
100 1 |a Tatarkiewicz, Władysław  |d 1886-1980  |0 (DE-603)087530074  |0 (DE-588)119190060  |2 gnd 
245 0 0 |a Wiadomości o życiu i pracach Dominika Merliniego  |c Władysław Tatarkiewicz 
264 0 |c 1956 
300 |b Illustrationen 
336 |a Text  |b txt  |2 rdacontent 
337 |a Computermedien  |b c  |2 rdamedia 
338 |a Online-Ressource  |b cr  |2 rdacarrier 
530 |a Online-Ausg. 
533 |d 2012  |e Online-Ressource  |7 s2012uuuuxx u| 
600 1 7 |a Merlini, Domenico  |d 1730-1797  |0 (DE-588)123680409  |0 (DE-603)103932046  |2 gnd 
773 0 8 |i In  |t Rocznik historii sztuki  |d Warszawa : Polska Akademia Nauk, 1956-  |h Online-Ressource  |o 10.11588/diglit.12451  |o urn:nbn:de:bsz:16-diglit-124512  |x 2720-2933  |g Band 1 (1956)), Seite 369-423  |w (DE-603)290997941  |w (DE-600)2654042-3 
856 |u http://digi.ub.uni-heidelberg.de/diglit/rhs1956/0372  |x Verlag 
924 1 |9 603  |a (DE-603)1128830957  |b DE-603  |c HES  |d d 
924 1 |9 2080  |a (DE-603)1289590907  |b DE-2080  |c HES  |d d  |g /